| 000 | 01177nam a22003377a 4500 | ||
|---|---|---|---|
| 003 | CHAP | ||
| 005 | 20220329133848.0 | ||
| 008 | 971013s1972 r 00010 d | ||
| 010 | _a11944 | ||
| 011 | _a12916 | ||
| 035 | _a16681 | ||
| 040 | _cCHAP | ||
| 090 | _aTesis | ||
| 100 | 0 | 0 |
_aNavia Murgueto, Daniel. _980615 |
| 245 | 1 | 0 |
_aEfecto de la competencia interespecífica en poblaciones controladas de Simisia amplexicaulis (Cav.) Pers. y Zea mays L. _c/por Daniel Navia Murgueto |
| 260 |
_aChapingo, Méx. : _bEl autor, _c1972 |
||
| 300 |
_a78 h. _b: ilus. |
||
| 502 | _aTesis (Maestro en Ciencias) -- ENA. Colegio de Postgraduados | ||
| 590 |
_aALEPH _b10 _c20130110 _lUCH01 _h1230 |
||
| 590 |
_aBATCH-UPD _b10 _c20130110 _lUCH01 _h2035 |
||
| 590 |
_aBATCH-UPD _b10 _c20130410 _lUCH01 _h1350 |
||
| 590 |
_aBATCH-UPD _b10 _c20130914 _lUCH01 _h1748 |
||
| 590 |
_aCONVERSION _b10 _c20130109 _lUCH01 _h1308 |
||
| 650 | 1 | 4 |
_aMaíz _xEspaciamiento. _970946 |
| 650 | 1 | 4 |
_aMaíz _xVariedades. _971081 |
| 901 | _aBK | ||
| 942 | _cFOLL | ||
| 949 |
_bBC _cTES _d-148390 _eTS1 _i16681 _si |
||
| 949 |
_bBC _cTES _d-148391 _eTS2 _fc.2 _i16681 _si |
||
| 949 |
_bBC _cTES _d-148392 _eTS2 _fc.3 _i16681 _si |
||
| 999 |
_c11944 _d11944 |
||